000 01170nam a2200241Ia 4500
003 Ost
005 20260416102351.0
008 260416s9999||||xx |||||||||||||| ||und||
040 _cfsecg
041 _aara
082 _a658.8
100 _aعبيلة، محمد
_eمؤلف
245 0 _aالتسويق الإستراتيجي /
_c محمد عبيلة
260 _aالجزائر
_bجامعة الجزائر3: كلية العلوم الإقتصادية، العلوم التجارية وعلوم التسيير
_c2015
300 _a120 ورقة
_bايضاحات
_c30 سم
504 _aمراجع ص.120
520 _aمفهوم التسويق، الاستراتيجية العامة للمؤسسة، الستراتيجية التسويقية على مستوى DAS ، الاستراتيجية التسويقية على مستوى الزوج:المنتج والسوق
653 _aادارة الاعمال
653 _aادارة المبيعات
653 _aالتسويق
710 _aجامعة الجزائر3: كلية العلوم الإقتصادية، العلوم التجارية وعلوم التسيير
_eناشر علمي
942 _cHANDOUT
999 _c40991
_d40991